Statistics for Asian Countries by Borders in 30 Seconds

Click here to take the quiz!

General Stats

  • This quiz has been taken 169,371 times
  • The average score is 36 of 48

Answers on the Map

Answers color-coded by a green-red scale on the quiz's map according to % correct below.
Loading ...
 

Answer Stats

Country% Correct
China
99%
Myanmar
98%
India
98%
Pakistan
98%
Nepal
97%
Afghanistan
96%
Bhutan
96%
Kyrgyzstan
95%
Laos
95%
Kazakhstan
95%
Mongolia
94%
Iraq
93%
Vietnam
93%
Tajikistan
92%
Iran
92%
North Korea
92%
Saudi Arabia
91%
Turkey
90%
Oman
89%
Jordan
89%
Yemen
88%
Azerbaijan
87%
United Arab Emirates
87%
Armenia
87%
Kuwait
84%
Malaysia
84%
Turkmenistan
83%
Syria
80%
Indonesia
80%
Qatar
79%
Thailand
78%
Japan
72%
Cambodia
71%
East Timor
69%
Uzbekistan
62%
Bangladesh
61%
Georgia
60%
Israel
58%
Sri Lanka
57%
Lebanon
54%
South Korea
52%
Philippines
42%
Brunei
33%
Taiwan
22%
Cyprus
22%
Singapore
16%
Bahrain
14%
Maldives
9%

Score Distribution

Percentile by Number Answered

Percent of People with Each Score

Your Score History

You have not taken this quiz